Państwa położone najbliżej Grecji - Statystyki

Ogólne statystyki
  • Ten quiz został rozwiązany 144 razy
  • Średni wynik to 18 z 20
Statystyki odpowiedzi
km Państwo % Poprawnych
0 Bułgaria
99%
0 Turcja
99%
0 Macedonia Północna
97%
0 Albania
96%
235 Rumunia
96%
114 Serbia
95%
78 Włochy
95%
263 Cypr
93%
270 Chorwacja
92%
178 Czarnogóra
92%
114 Kosowo
92%
282 Bośnia i Hercegowina
90%
375 Egipt
90%
572 Malta
84%
566 Węgry
84%
444 Mołdawia
83%
259 Libia
80%
587 Liban
78%
554 Syria
78%
433 Ukraina
78%
Nie znaleziono quizów pasujących do podanych kryteriów
Rozkład punktacji
Procent ludzi z każdym wynikiem
Percentyl według liczby udzielonych odpowiedzi
Twoja historia wyników
Nie rozwiązałeś tego quizu